| 000 | 00862nam a22002177a 4500 | ||
|---|---|---|---|
| 999 |
_c4121 _d4121 |
||
| 003 | AR-CdUCM | ||
| 008 | 190308b ||||| |||| 00| 0 spa d | ||
| 040 |
_aMUNICIPALIDAD PROVINCIAL DEL CUSCO _cBIBLIOTECA MUNICIPAL DEL CUSCO |
||
| 082 |
_a796.32 / _bC94 |
||
| 245 | _aCultura física y sanidad / | ||
| 260 |
_aChina : _bEdiciones en lenguas extranjeras, _c1984. |
||
| 300 |
_a181 páginas ; _bFotografías, gráficos, _c18 cm. |
||
| 440 |
_aColección China _913057 |
||
| 505 | _aContenido: Desarrollo e la cultura física y deportes en la nueva China -- Educación física de las masas -- Deportes tradicionales -- Deportes atléticos -- Educación y estudio de la cultura China... | ||
| 650 |
_aCultura China _91592 |
||
| 650 |
_aCultura física _913058 |
||
| 650 |
_aTradición _92335 |
||
| 650 |
_aMasas _913059 |
||
| 942 |
_2ddc _cLIBROS |
||
| 945 | _adavv | ||